000
00344nam a2200157Ia 4500
100
_a
Matthews/J.H.
490
_v
10
942
_c
BK
654
_a
Numerical Methods
245
_a
Numerical Methods For Maths
260
_b
Prentice Hall of India
_a
NewDelhi
_c
1992
082
_a
515
_b
PAN
300
_a
646
546
_a
ENGLISH
999
_c
34491
_d
34491